<?xml version="1.0" encoding="UTF-8"?>
<record
    xmlns:xsi="http://www.w3.org/2001/XMLSchema-instance"
    xsi:schemaLocation="http://www.loc.gov/MARC21/slim http://www.loc.gov/standards/marcxml/schema/MARC21slim.xsd"
    xmlns="http://www.loc.gov/MARC21/slim">

  <leader>00775nam a22002057a 4500</leader>
  <controlfield tag="008">160812b        xxu||||| |||| 00| 0 eng d</controlfield>
  <datafield tag="020" ind1=" " ind2=" ">
    <subfield code="a">9789997456939</subfield>
  </datafield>
  <datafield tag="082" ind1=" " ind2=" ">
    <subfield code="a">709.2</subfield>
    <subfield code="b">S562t</subfield>
  </datafield>
  <datafield tag="100" ind1=" " ind2=" ">
    <subfield code="a">Si&#xF1;ani, Maxumiliano</subfield>
    <subfield code="9">5417</subfield>
  </datafield>
  <datafield tag="245" ind1=" " ind2=" ">
    <subfield code="a">Trilog&#xED;a er&#xF3;tica y su yapa</subfield>
    <subfield code="c">Maximiliano Si&#xF1;ani</subfield>
  </datafield>
  <datafield tag="260" ind1=" " ind2=" ">
    <subfield code="a">La Paz, Bolivia</subfield>
    <subfield code="b">Kiosko</subfield>
    <subfield code="c">2016</subfield>
  </datafield>
  <datafield tag="300" ind1=" " ind2=" ">
    <subfield code="a">56 pag </subfield>
    <subfield code="b">ill, col</subfield>
    <subfield code="c">21 cm</subfield>
  </datafield>
  <datafield tag="505" ind1=" " ind2=" ">
    <subfield code="t">Biograf&#xED;a del artista </subfield>
    <subfield code="t">Entrevista por Paul Lemarquis </subfield>
    <subfield code="t">Ensayo de Juan Carlos Prudencio </subfield>
    <subfield code="t">Selecci&#xF3;n de obras : Trilog&#xED;a er&#xF3;tica y su yapa </subfield>
    <subfield code="t">Beetles </subfield>
    <subfield code="t">Condoms </subfield>
    <subfield code="t">Traffic cones </subfield>
    <subfield code="t">Tac&#xFA;</subfield>
  </datafield>
  <datafield tag="653" ind1=" " ind2=" ">
    <subfield code="a">Arte Moderno</subfield>
  </datafield>
  <datafield tag="653" ind1=" " ind2=" ">
    <subfield code="a">Arte - Bolivia </subfield>
  </datafield>
  <datafield tag="653" ind1=" " ind2=" ">
    <subfield code="a">Exhibiciones</subfield>
    <subfield code="a">Arte Biograf&#xED;a </subfield>
  </datafield>
  <datafield tag="653" ind1=" " ind2=" ">
    <subfield code="a">Arte - Ensayo. </subfield>
  </datafield>
  <datafield tag="700" ind1=" " ind2=" ">
    <subfield code="a">Si&#xF1;ani, Maxumiliano</subfield>
    <subfield code="9">5418</subfield>
  </datafield>
  <datafield tag="710" ind1=" " ind2=" ">
    <subfield code="a">Kiosko</subfield>
    <subfield code="9">5419</subfield>
  </datafield>
  <datafield tag="999" ind1=" " ind2=" ">
    <subfield code="c">1009</subfield>
    <subfield code="d">1009</subfield>
  </datafield>
  <datafield tag="952" ind1=" " ind2=" ">
    <subfield code="0">0</subfield>
    <subfield code="1">0</subfield>
    <subfield code="2">ddc</subfield>
    <subfield code="4">0</subfield>
    <subfield code="7">0</subfield>
    <subfield code="a">LV</subfield>
    <subfield code="b">LV</subfield>
    <subfield code="c">Monograf&#xED;as</subfield>
    <subfield code="d">2016-08-12</subfield>
    <subfield code="l">0</subfield>
    <subfield code="o">709.2 S562t</subfield>
    <subfield code="p">004221</subfield>
    <subfield code="r">2016-08-12 00:00:00</subfield>
    <subfield code="w">2016-08-12</subfield>
    <subfield code="y">01</subfield>
  </datafield>
</record>
